Ocells amb nom de dona (Registre núm. 67836)
[ vista simple ]
| 000 -LEADER | |
|---|---|
| campo de control de longitud fija | 00849amm a2200253a 44500 |
| 008 - DATOS DE LONGITUD FIJA--INFORMACIÓN GENERAL | |
| campo de control de longitud fija | 210408s2021 cat |
| 041 ## - CÓDIGO DE IDIOMA | |
| Código de lengua del texto/banda sonora o título independiente | cat |
| 110 ## - ENTRADA PRINCIPAL--NOMBRE DE ENTIDAD CORPORATIVA | |
| Nombre de entidad corporativa o nombre de jurisdicción como elemento de entrada | TERMCAT |
| 9 (RLIN) | 60609 |
| 245 ## - MENCIÓN DEL TÍTULO | |
| Título | Ocells amb nom de dona |
| Medio | [en línia] |
| Mención de responsabilidad, etc. | Fundació Barcelona Zoo; Institut Català d'Ornitologia; TERMCAT, Centre de Terminologia |
| 260 ## - PUBLICACIÓN, DISTRIBUCIÓN, ETC. | |
| Lugar de publicación, distribución, etc. | Barcelona |
| Nombre del editor, distribuidor, etc. | TERMCAT, Centre de Terminologia |
| Fecha de publicación, distribución, etc. | 2021 |
| 300 ## - DESCRIPCIÓN FÍSICA | |
| Extensión | 1 infografia |
| Otras características físicas | il. |
| 500 ## - NOTA GENERAL | |
| Publicació TERMCAT | termcat |
| 520 ## - RESUMEN, ETC. | |
| Nombre de termes | 6 |
| 592 ## - Tipus obra | |
| Tipus d'obra | Obra terminològica |
| 593 ## - Codi CGAT | |
| Codi de la CGAT | DGB |
| 650 ## - PUNTO DE ACCESO ADICIONAL DE MATERIA--TÉRMINO DE MATERIA | |
| Término de materia o nombre geográfico como elemento de entrada | ocells |
| 9 (RLIN) | 61565 |
| 710 ## - ENTRADA AGREGADA--NOMBRE DE ENTIDAD CORPORATIVA | |
| Nombre de entidad corporativa o nombre de jurisdicción como elemento de entrada | Fundació Barcelona Zoo |
| 9 (RLIN) | 74623 |
| 710 ## - ENTRADA AGREGADA--NOMBRE DE ENTIDAD CORPORATIVA | |
| Nombre de entidad corporativa o nombre de jurisdicción como elemento de entrada | Institut Català d'Ornitologia |
| 9 (RLIN) | 74624 |
| 856 ## - LOCALIZACIÓN Y ACCESO ELECTRÓNICOS | |
| Identificador Uniforme de Recursos | <a href="https://www.termcat.cat/ca/recursos/productes-multimedia/ocells-nom-dona">https://www.termcat.cat/ca/recursos/productes-multimedia/ocells-nom-dona</a> |
| 901 ## - ELEMENTOS DE DATOS A LOCAL LDA (RLIN) | |
| c | cop. <2021> |
| 902 ## - ELEMENTOS DE DATOS B LOCAL, LDB (RLIN) | |
| a | 210408 |
| 942 ## - ELEMENTOS DE ENTRADA SECUNDARIOS (KOHA) | |
| Tipo de ítem Koha | Monografia |
| Suprimir en OPAC | No |
| Fuente del sistema de clasificación o colocación | Clasificación Decimal Dewey |
| Estatus retirado | Estado de pérdida | Estado de daño | No para préstamo | Biblioteca de origen | Biblioteca actual | Fecha de adquisición | Total de préstamos | Código de barras | Visto por última vez | Identificador Uniforme de Recursos | Precio de reemplazo | Tipo de ítem Koha |
|---|---|---|---|---|---|---|---|---|---|---|---|---|
| TERMCAT | TERMCAT | 08/04/2021 | 16913 | 30/09/2021 | https://www.termcat.cat/ca/recursos/productes-multimedia/ocells-nom-dona | 30/09/2021 | MO |